00401nam a2200181Ia 4500008004100000020001400041050001400055100001600069245001900085245001600104260001500120260001600135260000900151300001400160300002700174300001000201500000800211170918s9999 xx 000 0 und d a590400061 bL763 1970 aLionni, Leo aFish is fish / cLeo Lionni. aNew York : bScholastic, c1970 aunpaged : bcolored illustration ; c23cm. a690